00837 a2200181 4500003000500000005001700005010001700022020002800039040000900067082001400076245006500090246003100155260004400186300006100230505031700291650001900608700002800627Nust20220802131856.0 a 2003064953 a3540012184 (alk. paper) cNust00a620.5,SPR00aSpringer handbook of nanotechnology /cBharat Bhushan (ed.).30aHandbook of nanotechnology aBerlin ;aNew York :bSpringer,cc2004. axxxvi, 1222 p. :bill. ;c25 cm.e+ 1 CD-ROM (4 3/4 in.) aNanostructures, Micro/Nanofabrication, and Micro/Nanodevices (Page-9), Scanning Probe Microscopy (Page-325), Nanotribology and Nanomechanics (Page-497), Molecularly Thick Films for Lubrication (Page-791), Industrial Applications and Microdevice Reliability (Page-899), Social and Ethical Implication (Page-1135). 0aNanotechnology1 aBhushan, Bharat,d1949-